000
00290nam a2200121Ia 4500
008
191201s2019 xx 000 0 und d
100
_a
BHAVIKATTI,S.S
245
0
_a
Engineering Mechanics
260
_b
New Age International
_c
2019
300
_a
490
650
_a
B.Tech(ME)
942
_2
ddc
_c
BK
999
_c
6835
_d
6835